LEADER 02067nam2 22004933i 450 001 VAN00298409 005 20260225103406.640 017 70$2N$a9789401717564 100 $a20250917d1998 |0itac50 ba 101 $aeng 102 $aNL 105 $a|||| ||||| 181 $ai$b e 182 $ab 183 $acr 200 0 $a2$fedited by C. E. Aull and R. Lowen 210 $aDordrecht$cSpringer$cKluwer$d1998 215 $aX, 399-807 p.$cill.$d24 cm 410 1$1001VAN00096507$12001 $aHistory of topology$1210 $aDordrecht$cKluwer$d1997-2001.$v2 461 1$1001VAN00297598$12001 $aHandbook of the history of general topology$fedited by C. E. Aull and R. Lowen$1210 $aDordrecht$cSpringer$cKluwer$d1997-2001$1215 $a3 volumi$d24 cm$v2 606 $a01A65$xContemporary [MSC 2020]$3VANC025163$2MF 606 $a54-XX$xGeneral topology [MSC 2020]$3VANC020587$2MF 610 $aCompactification$9KW:K 610 $aConnected spaces$9KW:K 610 $aHistory of mathematics$9KW:K 610 $aMetrizable$9KW:K 610 $aTopology$9KW:K 620 $aNL$dDordrecht$3VANL000068 702 1$aAull$bCharles E.$3VANV038863$4340 702 1$aLowen$bRobert$3VANV040837$4340 712 $aKluwer $3VANV108116$4650 712 $aSpringer $3VANV108073$4650 790 1$aAull, C E.$zAull, Charles E.$3VANV038864 790 1$aAull, C.E.$zAull, Charles E.$3VANV259931 790 1$aAull, Charles Edward$zAull, Charles E.$3VANV259932 790 1$aLowen, R.$zLowen, Robert$3VANV259934 801 $aIT$bSOL$c20260327$gRICA 856 4 $uhttps://doi.org/10.1007/978-94-017-1756-4$zE-book ? Accesso al full-text attraverso riconoscimento IP di Ateneo, proxy e/o Shibboleth 899 $aBIBLIOTECA DEL DIPARTIMENTO DI MATEMATICA E FISICA$1IT-CE0120$2VAN08 912 $fN 912 $aVAN00298409 950 $aBIBLIOTECA DEL DIPARTIMENTO DI MATEMATICA E FISICA$d08DLOAD e-Book 12753 $e08eMF12753 20251024 996 $a2$961340 997 $aUNICAMPANIA